|
|
|
|
| LEADER |
00000nam a22000007a 4500 |
| 005 |
20190918134442.0 |
| 007 |
cr|||| |||| |
| 008 |
190918s2019 de |||||s|||| 00||0 eng d |
| 020 |
|
|
|a 9783639109696
|
| 035 |
|
|
|a 26483
|
| 040 |
|
|
|a vLex
|
| 090 |
|
|
|c 9562
|d 9562
|
| 245 |
0 |
0 |
|a European Company Law after Inspire Art
|h [Recurso electrn̤ico] /
|
| 256 |
|
|
|a Servicio en ln̕ea
|
| 260 |
|
|
|a Berln̕:
|b Lambert Academic Publishing,
|c 2019
|
| 300 |
|
|
|a 1 recurso electrn̤ico
|
| 500 |
|
|
|a Now a days, corporate world is flourishing rapidly. The most important effort to encourage and develop corporate world is Companies Act and their amendments. This book contains various concepts regarding company as well as administration of the company. There are various bodies which regulated administration of company are also included in this book. This book contains 4 units. 1. Introduction to the Companies Act-2013 2. Strategy of Company Formation 3. Development of Company Law Administration 4. Provision of Company Law-2013 regarding dividend and Interest
|
| 506 |
1 |
|
|a Disponible solo en los productos indicados
|d vLex Global
|d vLex Global (Academic Edition, excluding Law Schools)
|d vLex Global (U.S. Academic Edition, Law Schools)
|d vLex Global (U.S. Academic Edition, excluding Law Schools)
|d vLex Global (Academic Edition, Law Schools)
|
| 650 |
0 |
4 |
|a Derecho Pb︢lico y Administrativo
|z Alemania
|
| 740 |
0 |
|
|a vLex Libros (Servicio en ln̕ea)
|
| 856 |
4 |
0 |
|u http://vlex.com/source/26483
|z Acceso restringido
|
| 942 |
|
|
|c BOOK
|
| 999 |
0 |
|
|a Public and Administrative Law
|